Proctología práctica / (Record no. 36397)

MARC details
000 -LEADER
campo de control de longitud fija 00418nam a2200145 i 4500
001 - NÚMERO DE CONTROL
campo de control 36397
003 - IDENTIFICADOR DE NÚMERO DE CONTROL
campo de control ES-MaACL
007 - CAMPO FIJO DE DESCRIPCIÓN FÍSICA--INFORMACIÓN GENERAL
campo de control de longitud fija t|
008 - DATOS DE LONGITUD FIJA--INFORMACIÓN GENERAL
campo de control de longitud fija 030218s1943 ag ||||1| spa d
100 1# - ENTRADA PRINCIPAL--NOMBRE DE PERSONA
Nombre de persona Buie, Louis A.
9 (RLIN) 32454
245 10 - MENCIÓN DEL TÍTULO
Título Proctología práctica /
Mención de responsabilidad, etc. por Louis A. Buie.
260 ## - PUBLICACIÓN, DISTRIBUCIÓN, ETC.
Lugar de publicación, distribución, etc. Buenos Aires :
Nombre del editor, distribuidor, etc. Salvat,
Fecha de publicación, distribución, etc. 1943 (
Fabricante López)
300 ## - DESCRIPCIÓN FÍSICA
Extensión XIX, 508 p., 2 lám. :
Otras características físicas il. ;
Dimensiones 24 cm.
852 ## - LOCALIZACIÓN
Ubicación ES-MaACL
Número de control de estantería E-20
Sublocalización o colección R.21249
Holdings
Estatus retirado Estado de pérdida Estado de daño No para préstamo Biblioteca de origen Biblioteca actual Ubicación en estantería Fecha de adquisición Fuente de adquisición Total de préstamos Signatura topográfica completa Código de barras Visto por última vez Precio de reemplazo Tipo de ítem Koha
        Biblioteca del Ateneo de Madrid Biblioteca del Ateneo de Madrid Depósito 2 17/01/2008     E-20 1038224 23/02/2023 23/02/2023 Libro impreso